Staaten welche Flugzeugträger/Helikopterträger besitzen - Statistiken

Allgemein
  • Dieses Quiz wurde 125 mal gespielt
  • Das Durchschnittsergebnis liegt bei 11 aus 15
Antwortstatistiken
Anzahl
Flugzeugträger
Anzahl
Helikopterträger
Insgesamt Staaten % Korrekt
11 9 20 Vereinigte Staaten
100%
2 3 5 China
98%
1 (keine) 1 Russland
94%
1 3 4 Frankreich
93%
2 1 3 Vereinigtes Königreich
87%
(keine) 4 4 Japan
86%
(keine) 1 1 Brasilien
81%
1 1 2 Italien
81%
2 (keine) 2 Indien
80%
(keine) 1 1 Spanien
78%
(keine) 2 2 Australien
70%
(keine) 2 2 Südkorea
69%
(keine) 1 1 Türkei
59%
(keine) 2 3 Ägypten
35%
1 (keine) 1 Thailand
32%
Keine übereinstimmenden Quizze gefunden
Verteilung der Resultate
Anzahl Personen mit jedem Resultat
Perzentil nach korrekt beantworteten Fragen
Ihre Resultats-Entwicklung
Sie haben dieses Quiz noch nicht gespielt